| 000 | 00337nam a2200133Ia 4500 | ||
|---|---|---|---|
| 005 | 20260328101457.0 | ||
| 008 | 260328s9999||||xx |||||||||||||| ||und|| | ||
| 100 | _aRagnetti, Andrea | ||
| 245 | 4 |
_aThe Simplicity event 2006 / _cAndrea Ragnetti |
|
| 260 | _bPhilips Design | ||
| 300 | _a139 p. | ||
| 650 | _aDISEÑO INDUSTRIAL | ||
| 942 | _cBK | ||
| 999 |
_c8874 _d8874 |
||